• 首页
  • 本馆介绍
  • 公告通知
  • 最新文献
  • 馆藏检索
  • 电子资源
  • 读者导购
  • 参考咨询
  • 我的图书馆
  • 登录
  • 详细信息显示
  • 放入我的书架
  • 预约/预借图书
  • 作者相关作品
  • 分类相关作品
  • 丛书相关作品
  • 出版社相关作品

书目信息

  • 表格格式
  • 工作单格式
  • 卡片格式
题名:
宣传动态
    
 
作者: ;中国社会科学出版社 编
分册:  
出版信息: 北京   中国社会科学出版社  1981.7
页数: 297页
开本: 19cm
丛书名:
单 册:
中图分类: D261.5
科图分类:
主题词: 中国共产党
电子资源:
ISBN:
000 00567nam0 2200205 45
001 0309281673
005 20060722105003.29
010    @dCNY0.80
091    @a3190.027
100    @a20030928d1981 km y0chiy0120 ea
101 0  @achi
200 1  @a宣传动态@AXuan Chuan Dong Tai@e1980@f本社编@FBen She Bian
210    @a北京@c中国社会科学出版社@d1981.7
215    @a297页@d19cm
517    @a1980
606 0  @a中国共产党
690    @aD261.5@v4
711 02 @a中国社会科学出版社@AZhong Guo She Hui Ke Xue Chu Ban She@4编
801    @aCN@bTSTC@c20060722
905    @dD261.5@e1980
    
    宣传动态:1980/本社编.-北京:中国社会科学出版社,1981.7
    297页;19cm
    
    
    ISBN :CNY0.80
    
●
相关链接 在E读中查询图书 在五车中查询图书 在当当中查询图书 在豆瓣中查询图书


正题名:宣传动态     索取号:D261.5/1980         预约/预借

序号 登录号 条形码 馆藏地/架位号 状态 备注
1 0051649   001723978   密集书库/ [索取号:D261.5/1980] 在馆    
2 0051650   001723932   密集书库/ [索取号:D261.5/1980] 在馆    
3 0051651   001723898   密集书库/ [索取号:D261.5/1980] 在馆    
4 0051652   001709048   密集书库/ [索取号:D261.5/1980] 在馆    
5 0051653   001724263   密集书库/ [索取号:D261.5/1980] 在馆    
6 0051654   001724227   密集书库/ [索取号:D261.5/1980] 在馆    
7 0051655   001724183   密集书库/ [索取号:D261.5/1980] 在馆    
8 0051656   202225369   密集书库/ [索取号:D261.5/1980] 在馆    
9 0051657   202368393   密集书库/ [索取号:D261.5/1980] 在馆    
10 0051658   001724147   密集书库/ [索取号:D261.5/1980] 在馆    
11 0425599   204255992   密集书库/ [索取号:D261.5/1980] 在馆    
唐山师范学院图书馆 欢迎您!
大连网信软件有限公司© 版权所有